Statistics for The 15 Most Pet-Friendly USA States

Click here to take the quiz!

General Stats

  • This quiz has been taken 31 times
  • The average score is 10 of 15

Answer Stats

HintAnswer% Correct
Pet-Friendly Stores 100Florida
92%
Pet-Friendly Stores 36Washington
81%
Pet-Friendly Stores 12Maine
77%
Pet-Friendly Stores 51Arizona
73%
Pet-Friendly Stores 25Colorado
73%
Pet-Friendly Stores 12New Hampshire
73%
Pet-Friendly Stores 10Oregon
73%
Pet-Friendly Stores 12Connecticut
69%
Pet-Friendly Stores 20North Dakota
69%
Pet-Friendly Stores 1South Dakota
69%
Pet-Friendly Stores 5Vermont
69%
Pet-Friendly Stores 18Kansas
65%
Pet-Friendly Stores 4Rhode Island
54%
Pet-Friendly Stores 26Wisconsin
54%
Pet-Friendly Stores 27Tennessee
50%

Score Distribution

Percentile by Number Answered

Percent of People with Each Score

Your Score History

You have not taken this quiz